Statystyki dla WSZYTSKIE DZIELNICE KŁODZKA

Kliknij tutaj aby rozwiązać quiz!

Ogólne statystyki

  • Ten quiz został rozwiązany 9 razy
  • Średni wynik to 3 z 6

Statystyki odpowiedzi

DZIELNICA% Poprawnych
STARE MIASTO
71%
ZAGÓRZE
57%
KSIĄŻEK
43%
WARSZAWY
43%
OSIEDLE NOWY ŚWIAT
29%
OSIEDLE NYSA
29%

Rozkład punktacji

Percentyl według liczby udzielonych odpowiedzi

Procent ludzi z każdym wynikiem

Twoja historia wyników

Nie rozwiązałeś tego quizu